[Event "Australasian Masters GM"]
[Site "Melbourne"]
[Date "2014.12.17"]
[Round "5.5"]
[White "Smirnov, Anton"]
[Black "Cheng, Bobby"]
[Result "1-0"]
[WhiteElo "2420"]
[BlackElo "2435"]
[PlyCount "89"]
[EventDate "2014.12.??"]
[EventType "tourn"]
[EventRounds "9"]
[EventCountry "AUS"]
[SourceDate "2014.12.14"]

1. d4 g6 2. e4 Bg7 3. Nc3 c6 4. Bc4 d6 5. Bb3 Nd7 6. Nf3 h6 7. Qe2 e5 8. Be3
Ngf6 9. dxe5 dxe5 10. Nd2 Qe7 11. a4 Nc5 12. f3 Ne6 13. Qf2 Nd4 14. Bxd4 exd4
15. Qxd4 O-O 16. Qe3 Rd8 17. O-O-O Nd5 18. Nxd5 cxd5 19. Rhe1 Qe5 20. Nc4 dxc4
21. Rxd8+ Kh7 22. Bxc4 Qxb2+ 23. Kd1 Bc3 24. Bxf7 Qb1+ 25. Qc1 Qb6 26. Rg8 Qd4+
27. Ke2 b6 28. Rxc8 Rxc8 29. Rd1 Qxa4 30. Bb3 Qb5+ 31. Kf2 a5 32. Rd5 Qc6 33.
Qa3 Qf6 34. g3 Bb4 35. Qc1 Rf8 36. Rd7+ Be7 37. Qd1 Kh8 38. Kg2 b5 39. Qe2 Bd6
40. f4 a4 41. Ba2 Bc5 42. Qxb5 Qc3 43. Qb7 Qxc2+ 44. Kh3 Be7 45. Rxe7 1-0

[Event "Australasian Masters GM"]
[Site "Melbourne"]
[Date "2014.12.18"]
[Round "6.1"]
[White "Kazhgaleyev, Murtas"]
[Black "Cheng, Bobby"]
[Result "1-0"]
[WhiteElo "2576"]
[BlackElo "2435"]
[PlyCount "129"]
[EventDate "2014.12.??"]
[EventType "tourn"]
[EventRounds "9"]
[EventCountry "AUS"]
[SourceDate "2014.12.14"]

1. d4 Nf6 2. c4 c5 3. d5 e6 4. Nc3 exd5 5. cxd5 d6 6. Nf3 g6 7. Bf4 a6 8. a4
Bg7 9. h3 O-O 10. e3 Re8 11. Nd2 Nbd7 12. Be2 Ne5 13. O-O Nfd7 14. Bg3 f5 15.
Rb1 b6 16. Qc2 Bb7 17. f4 Nf7 18. e4 Nf6 19. Bh4 Qc7 20. Rbd1 Nxd5 21. Nxd5
Bxd5 22. Bf3 fxe4 23. Nxe4 Bc6 24. f5 Ne5 25. Nxd6 Nxf3+ 26. gxf3 Rf8 27. Rfe1
Bf6 28. Re6 Bxh4 29. Qc4 Kh8 30. Qxh4 Ra7 31. Rde1 g5 32. Qh5 Qg7 33. R1e5 Bxa4
34. Ne4 Raf7 35. f6 Qg6 36. Qxg6 hxg6 37. Rxb6 Bd7 38. Re7 Rxe7 39. fxe7 Rxf3
40. Nxc5 Re3 41. Nxd7 Rxe7 42. Nc5 Re2 43. Ne6 Kh7 44. Nxg5+ Kh6 45. Ne6 Rd2
46. b4 Kh5 47. Nf4+ Kg5 48. Ng2 Rb2 49. Kh2 Rb3 50. Rb8 a5 51. Rb5+ Kh6 52.
Rxa5 Rxb4 53. Ne3 Rb2+ 54. Kg3 Rb3 55. Re5 Kg7 56. Kf4 Kf7 57. Re4 Rb5 58. Kg4
Kf6 59. h4 Rc5 60. Rd4 Rc6 61. Ng2 Ke5 62. Rf4 Rc2 63. Ne1 Ra2 64. Kg5 Ra6 65.
Nd3+ 1-0

[Event "Australasian Masters GM"]
[Site "Melbourne"]
[Date "2014.12.18"]
[Round "6.2"]
[White "Zelesco, Karl"]
[Black "Smirnov, Anton"]
[Result "1/2-1/2"]
[WhiteElo "2256"]
[BlackElo "2420"]
[PlyCount "168"]
[EventDate "2014.12.??"]
[EventType "tourn"]
[EventRounds "9"]
[EventCountry "AUS"]
[SourceDate "2014.12.14"]

1. d4 Nf6 2. c4 e6 3. Nc3 Bb4 4. e3 O-O 5. Nge2 d5 6. a3 Bd6 7. Ng3 c6 8. e4
Nxe4 9. Ngxe4 dxe4 10. Nxe4 Be7 11. Bf4 f5 12. Nc3 Bf6 13. Be5 Bxe5 14. dxe5
Qxd1+ 15. Rxd1 f4 16. Kd2 Nd7 17. Re1 Rf5 18. Bd3 Rg5 19. g3 Nxe5 20. gxf4 Nf3+
21. Ke3 Nxe1 22. fxg5 Nxd3 23. Kxd3 e5 24. Ke4 Be6 25. c5 Re8 26. h4 Bb3 27. f3
Kf7 28. Rh2 Ke6 29. Rd2 Rf8 30. Rd6+ Ke7 31. Kxe5 Rxf3 32. Rd4 Bc2 33. Ne4 Bxe4
34. Rxe4 a5 35. Ra4 Re3+ 36. Kf4 Rb3 37. Rxa5 Rxb2 38. Ra4 Rf2+ 39. Kg3 Rd2 40.
Rb4 Rd7 41. Kf4 Kd8 42. Ke4 Kc7 43. Rd4 Re7+ 44. Kf5 Re8 45. Re4 Rf8+ 46. Ke5
Re8+ 47. Kd4 Rd8+ 48. Kc4 Rd7 49. Rf4 g6 50. Rd4 Rf7 51. Re4 Kd7 52. Kd4 Rf1
53. Ke5 Rf5+ 54. Kd4 h6 55. Rg4 hxg5 56. Rxg5 Rf4+ 57. Kc3 Rxh4 58. Rxg6 Kc7
59. Rg8 Rh1 60. Kb4 Rb1+ 61. Kc4 Rb5 62. Ra8 Rb2 63. Rh8 Rb5 64. Rg8 Rb1 65.
Kc3 Kd7 66. Rh8 Ke6 67. Rd8 Ke5 68. Kc4 Rc1+ 69. Kb4 Rb1+ 70. Kc4 Ke6 71. Rd3
Ke7 72. Rd2 Ke8 73. Rd3 Rh1 74. Kb4 Rh5 75. Kc4 Ke7 76. Rd4 Rh8 77. Kb4 Rh3 78.
Ka4 Ke8 79. Rb4 Rc3 80. Rxb7 Rxc5 81. Kb4 Rb5+ 82. Rxb5 cxb5 83. Kxb5 Kd7 84.
Kb6 Kc8 1/2-1/2

[Event "Australasian Masters GM"]
[Site "Melbourne"]
[Date "2014.12.18"]
[Round "6.3"]
[White "Illingworth, Max"]
[Black "Khusnutdinov, Rustam"]
[Result "1/2-1/2"]
[WhiteElo "2493"]
[BlackElo "2476"]
[PlyCount "60"]
[EventDate "2014.12.??"]
[EventType "tourn"]
[EventRounds "9"]
[EventCountry "AUS"]
[SourceDate "2014.12.14"]

1. d4 Nf6 2. c4 g6 3. g3 c5 4. Nf3 cxd4 5. Nxd4 Bg7 6. Bg2 O-O 7. Nc3 Qc7 8. b3
d5 9. O-O dxc4 10. Ncb5 Qb6 11. bxc4 a6 12. Nc3 Nc6 13. Nxc6 bxc6 14. Be3 Qa5
15. Bxc6 Rb8 16. Rc1 Bh3 17. Bg2 Ng4 18. Nd5 Bxg2 19. Bd2 Qa3 20. Kxg2 e6 21.
Ne3 Nxe3+ 22. Bxe3 Qxa2 23. Bf4 Rbd8 24. Bd6 Be5 25. c5 Bxd6 26. cxd6 Qd5+ 27.
Qxd5 exd5 28. Rc6 Rfe8 29. Rfc1 Re6 30. Rxa6 Rexd6 1/2-1/2

[Event "Australasian Masters GM"]
[Site "Melbourne"]
[Date "2014.12.18"]
[Round "6.4"]
[White "Ikeda, Junta"]
[Black "Ly, Moulthun"]
[Result "0-1"]
[WhiteElo "2418"]
[BlackElo "2463"]
[PlyCount "112"]
[EventDate "2014.12.??"]
[EventType "tourn"]
[EventRounds "9"]
[EventCountry "AUS"]
[SourceDate "2014.12.14"]

1. b3 a5 2. Nc3 d5 3. d4 Nf6 4. Nf3 Bf5 5. e3 e6 6. Be2 h6 7. O-O Nbd7 8. Bd3
c6 9. Ne2 Ne4 10. Nd2 Ndf6 11. f3 Nd6 12. g4 Bxd3 13. cxd3 h5 14. g5 Nf5 15.
Nb1 Nd7 16. f4 g6 17. Nbc3 Bg7 18. Rb1 O-O 19. Kh1 c5 20. dxc5 Nxc5 21. d4 Ne4
22. Qd3 Nxc3 23. Nxc3 Qd7 24. Bd2 Rfc8 25. Rbc1 Nd6 26. Na4 Qd8 27. Rxc8 Rxc8
28. Rc1 Ne4 29. Kg2 Rxc1 30. Bxc1 Qc8 31. Qd1 b5 32. Nb2 Nc3 33. Qc2 e5 34.
dxe5 Qg4+ 35. Kf1 Qf3+ 36. Qf2 Qh1+ 37. Qg1 Qe4 38. Qg2 Qb1 39. Qd2 Nxa2 40.
Nd3 Qxb3 41. Bb2 Qc4 42. Kf2 b4 43. Bd4 Nc3 44. Kf3 Ne4 45. Qd1 Qc8 46. Kg2 Bf8
47. h3 Nc3 48. Bxc3 Qxc3 49. f5 b3 50. Kf2 Qc2+ 51. Qxc2 bxc2 52. Ke2 Ba3 53.
Kd2 c1=Q+ 54. Nxc1 Bxc1+ 55. Kxc1 gxf5 56. Kb2 Kf8 0-1

[Event "Australasian Masters GM"]
[Site "Melbourne"]
[Date "2014.12.18"]
[Round "6.5"]
[White "Papin, Vasily"]
[Black "Li, Luke"]
[Result "1-0"]
[WhiteElo "2502"]
[BlackElo "2342"]
[PlyCount "79"]
[EventDate "2014.12.??"]
[EventType "tourn"]
[EventRounds "9"]
[EventCountry "AUS"]
[SourceDate "2014.12.14"]

1. c4 Nf6 2. Nc3 e6 3. Nf3 d5 4. e3 b6 5. cxd5 exd5 6. d4 Be7 7. Bb5+ c6 8. Be2
O-O 9. O-O Nbd7 10. b3 Bb7 11. Bb2 Bd6 12. a4 Qe7 13. Nd2 Rfe8 14. Bd3 Rac8 15.
a5 c5 16. Nb5 Bb8 17. axb6 axb6 18. Bf5 Bc6 19. Qe2 Rcd8 20. Bh3 Nf8 21. g3 Ne6
22. Qd3 Ng5 23. Bg2 Qe6 24. Nc3 Nfe4 25. f4 c4 26. Qe2 Nxc3 27. Bxc3 Qxe3+ 28.
Qxe3 Rxe3 29. Rfc1 Ne6 30. bxc4 Nc7 31. Rab1 b5 32. cxb5 Bxb5 33. Ba5 Bd3 34.
Rb3 Rde8 35. Bxc7 Bxc7 36. Rxc7 Re1+ 37. Bf1 Bf5 38. Rcb7 Rd1 39. Rb8 Bc8 40.
Rc3 1-0

[Event "Australasian Masters GM"]
[Site "Melbourne"]
[Date "2014.12.19"]
[Round "7.1"]
[White "Li, Luke"]
[Black "Kazhgaleyev, Murtas"]
[Result "1/2-1/2"]
[WhiteElo "2342"]
[BlackElo "2576"]
[PlyCount "84"]
[EventDate "2014.12.??"]
[EventType "tourn"]
[EventRounds "9"]
[EventCountry "AUS"]
[SourceDate "2014.12.14"]

1. d4 Nf6 2. c4 e6 3. Nc3 Bb4 4. a3 Bxc3+ 5. bxc3 c5 6. e3 O-O 7. Bd3 Nc6 8.
Ne2 b6 9. e4 Ne8 10. O-O Ba6 11. f4 f5 12. exf5 exf5 13. dxc5 bxc5 14. Ng3 g6
15. Be3 d6 16. Bxf5 gxf5 17. Qd5+ Rf7 18. Qxc6 Bb7 19. Qa4 h5 20. Rab1 Ng7 21.
Rfe1 Qf6 22. Bf2 Qg6 23. h4 Kh8 24. Qd1 Rg8 25. Re3 Bc6 26. Qe2 Qh6 27. Re7 Rf6
28. Rc7 Ba8 29. Rxa7 Ne6 30. Qxh5 Qxh5 31. Nxh5 Rfg6 32. Ng3 Nxf4 33. Re1 Be4
34. Nxe4 Rxg2+ 35. Kf1 Nd3 36. Bg3 fxe4 37. Kxg2 Nxe1+ 38. Kh3 Nf3 39. Bxd6 e3
40. Re7 Ng1+ 41. Kh2 Nf3+ 42. Kh3 Ng1+ 1/2-1/2

[Event "Australasian Masters GM"]
[Site "Melbourne"]
[Date "2014.12.19"]
[Round "7.2"]
[White "Ly, Moulthun"]
[Black "Papin, Vasily"]
[Result "1-0"]
[WhiteElo "2463"]
[BlackElo "2502"]
[PlyCount "109"]
[EventDate "2014.12.??"]
[EventType "tourn"]
[EventRounds "9"]
[EventCountry "AUS"]
[SourceDate "2014.12.14"]

1. e4 c5 2. Na3 e6 3. c3 Nf6 4. d3 Nc6 5. f4 d6 6. Nf3 a6 7. Be2 Be7 8. O-O O-O
9. Qe1 b5 10. Nc2 Rb8 11. Ne3 d5 12. e5 Ne8 13. d4 b4 14. Kh1 f5 15. dxc5 Bxc5
16. Nc2 Qb6 17. Nd2 bxc3 18. bxc3 Qa7 19. Nb3 Be7 20. Be3 Qa8 21. Qf2 Nc7 22.
Bc5 Bxc5 23. Qxc5 Rd8 24. Rab1 Bd7 25. a4 Rb7 26. Qg1 Be8 27. Nc5 Rbb8 28. Nd4
Nxd4 29. cxd4 a5 30. Qe3 Qa7 31. Qc3 Rb6 32. Rbc1 Rdb8 33. g4 Rb4 34. gxf5 exf5
35. Rg1 g6 36. Bd3 Kh8 37. Qe1 Qb6 38. e6 Qd6 39. Qe3 Qe7 40. Bxf5 Qf6 41. Nd7
Qxf5 42. Rxc7 R4b7 43. Rxb7 Rxb7 44. Nc5 Rb4 45. Rf1 Kg8 46. e7 Kf7 47. Re1 Qf6
48. Ne6 Rxa4 49. Ng5+ Kg8 50. Qh3 h5 51. Qc8 Qc6 52. Qxc6 Bxc6 53. e8=Q+ Bxe8
54. Rxe8+ Kg7 55. Rd8 1-0

[Event "Australasian Masters GM"]
[Site "Melbourne"]
[Date "2014.12.19"]
[Round "7.3"]
[White "Khusnutdinov, Rustam"]
[Black "Ikeda, Junta"]
[Result "1-0"]
[WhiteElo "2472"]
[BlackElo "2418"]
[PlyCount "77"]
[EventDate "2014.12.??"]
[EventType "tourn"]
[EventRounds "9"]
[EventCountry "AUS"]
[SourceDate "2014.12.14"]

1. e4 c5 2. Nf3 e6 3. d4 cxd4 4. Nxd4 a6 5. Nc3 b5 6. Bd3 Qb6 7. Nf3 Nc6 8. O-O
Qb8 9. Re1 Nge7 10. e5 Ng6 11. Be4 Bb7 12. Bg5 d6 13. Bxc6+ Bxc6 14. Nd4 Bd7
15. exd6 Bxd6 16. Nf5 Bxh2+ 17. Kh1 Be5 18. Rxe5 Qxe5 19. Nd6+ Kf8 20. Qf3 f6
21. Qxa8+ Ke7 22. Qa7 Qxd6 23. Be3 Qc6 24. Rd1 Rc8 25. Ne4 Rc7 26. Qb8 Ne5 27.
Nd6 Bc8 28. Bb6 Rd7 29. Nxc8+ Kf7 30. Rxd7+ Nxd7 31. Nd6+ Ke7 32. Bd8+ Kf8 33.
Qc8 Qxc8 34. Nxc8 Ke8 35. Ba5 Ne5 36. Nd6+ Kd7 37. Ne4 Kc6 38. Bc3 Nc4 39. Kg1
1-0

[Event "Australasian Masters GM"]
[Site "Melbourne"]
[Date "2014.12.19"]
[Round "7.4"]
[White "Smirnov, Anton"]
[Black "Illingworth, Max"]
[Result "1/2-1/2"]
[WhiteElo "2420"]
[BlackElo "2493"]
[PlyCount "107"]
[EventDate "2014.12.??"]
[EventType "tourn"]
[EventRounds "9"]
[EventCountry "AUS"]
[SourceDate "2014.12.14"]

1. e4 e5 2. Nf3 Nc6 3. Bb5 Nf6 4. O-O Nxe4 5. d4 Nd6 6. dxe5 Nxb5 7. a4 Nbd4 8.
Nxd4 d5 9. Nxc6 bxc6 10. Re1 Be7 11. b3 O-O 12. Bb2 Be6 13. Nd2 Qd7 14. Qf3
Rab8 15. Nf1 c5 16. Ba3 f6 17. Qc3 d4 18. Qg3 Bf5 19. Rac1 Qc6 20. exf6 Bxf6
21. Nd2 Rfe8 22. Rxe8+ Rxe8 23. Qf3 Qxf3 24. Nxf3 Re2 25. Bxc5 Rxc2 26. Rxc2
Bxc2 27. Bxa7 d3 28. Nd2 Bc3 29. Be3 Bb4 30. f3 Kf7 31. Kf2 Ke6 32. h4 g6 33.
Bf4 Bxd2 34. Bxd2 Bxb3 35. a5 Bc4 36. Ke3 Kd5 37. Bc3 Ba6 38. g4 c5 39. f4 Bc8
40. f5 gxf5 41. g5 Be6 42. Kxd3 Bf7 43. Be1 Bg6 44. Ke3 c4 45. Kf4 Kc5 46. Ke5
Kb5 47. Bc3 Ka6 48. Kf4 Kb7 49. Bd2 Ka6 50. Ke5 Kb5 51. Bf4 c3 52. Kf6 Kxa5 53.
Kg7 c2 54. Kh6 1/2-1/2

[Event "Australasian Masters GM"]
[Site "Melbourne"]
[Date "2014.12.19"]
[Round "7.5"]
[White "Cheng, Bobby"]
[Black "Zelesco, Karl"]
[Result "1-0"]
[WhiteElo "2435"]
[BlackElo "2256"]
[PlyCount "113"]
[EventDate "2014.12.??"]
[EventType "tourn"]
[EventRounds "9"]
[EventCountry "AUS"]
[SourceDate "2014.12.14"]

1. d4 d5 2. c4 c6 3. Nf3 Nf6 4. e3 Bf5 5. cxd5 cxd5 6. Nc3 a6 7. Ne5 Nbd7 8. g4
Nxe5 9. gxf5 Nc6 10. Bd2 e6 11. fxe6 fxe6 12. Bh3 Kf7 13. Qf3 Bb4 14. Rg1 Rg8
15. O-O-O b5 16. Kb1 Bxc3 17. Bxc3 b4 18. Be1 Rc8 19. Rc1 Qb6 20. Qg3 Ne7 21.
Rxc8 Nxc8 22. Bf1 Nd6 23. Bd3 g6 24. f3 Nc4 25. Qg5 Qc7 26. Bg3 Nd2+ 27. Ka1
Nxf3 28. Bxc7 Nxg5 29. Rxg5 Rc8 30. Ba5 Rc1+ 31. Bb1 h5 32. Rg2 Ng4 33. Bxb4
Rh1 34. Bd6 Nxe3 35. Rf2+ Ke8 36. b3 g5 37. Re2 Nd1 38. Bb4 Kf7 39. Re1 Rxe1
40. Bxe1 e5 41. dxe5 Ne3 42. Bd2 d4 43. Bd3 g4 44. Be1 Ke6 45. Bg3 a5 46. Kb2
Ng2 47. Bc4+ Ke7 48. Bf2 h4 49. Bxd4 g3 50. Bc5+ Kd8 51. e6 gxh2 52. e7+ Kc7
53. e8=Q h1=Q 54. Qe7+ Kc6 55. Qd6+ Kb7 56. Ba6+ Ka8 57. Qd8# 1-0

[Event "Australasian Masters GM"]
[Site "Melbourne"]
[Date "2014.12.20"]
[Round "8.1"]
[White "Kazhgaleyev, Murtas"]
[Black "Zelesco, Karl"]
[Result "1-0"]
[WhiteElo "2576"]
[BlackElo "2256"]
[PlyCount "45"]
[EventDate "2014.12.??"]
[EventType "tourn"]
[EventRounds "9"]
[EventCountry "AUS"]
[SourceDate "2014.12.14"]

1. d4 d5 2. c4 c6 3. Nc3 Nf6 4. e3 a6 5. Bd3 b5 6. b3 Bg4 7. Nge2 Nbd7 8. O-O
Bh5 9. Qc2 Bg6 10. e4 b4 11. cxd5 Rc8 12. e5 cxd5 13. exf6 gxf6 14. Qd1 bxc3
15. Bxa6 c2 16. Qe1 Rb8 17. Nf4 Rb6 18. Qe2 Qa8 19. Bb5 e6 20. a4 Bf5 21. a5
Rb8 22. Nh5 Be7 23. Ng7+ 1-0

[Event "Australasian Masters GM"]
[Site "Melbourne"]
[Date "2014.12.20"]
[Round "8.2"]
[White "Illingworth, Max"]
[Black "Cheng, Bobby"]
[Result "0-1"]
[WhiteElo "2493"]
[BlackElo "2435"]
[PlyCount "94"]
[EventDate "2014.12.??"]
[EventType "tourn"]
[EventRounds "9"]
[EventCountry "AUS"]
[SourceDate "2014.12.14"]

1. d4 g6 2. c4 Bg7 3. Nf3 d6 4. Nc3 e5 5. e4 Nc6 6. Bg5 f6 7. Be3 Nh6 8. dxe5
dxe5 9. Qxd8+ Kxd8 10. O-O-O+ Bd7 11. h3 Kc8 12. c5 Nf7 13. Bc4 Ncd8 14. b4 Be6
15. Nd2 c6 16. a4 Kc7 17. b5 Bh6 18. b6+ axb6 19. cxb6+ Kd6 20. Kc2 Bxe3 21.
fxe3 Ke7 22. Be2 Nd6 23. g4 N8f7 24. Ra1 Ra5 25. h4 Rha8 26. Rab1 Rd8 27. Rb2
f5 28. gxf5 gxf5 29. Rf1 fxe4 30. Ndxe4 Bf5 31. Bd3 Bxe4 32. Nxe4 Nxe4 33. Bxe4
Rxa4 34. Bxh7 Rxh4 35. Bg6 Nd6 36. Rf2 Rg8 37. Bd3 Rg3 38. Ra2 Rxe3 39. Ra5 Rd4
40. Bg6 Rb4 41. Bd3 Rd4 42. Bg6 Rd5 43. Ra7 Rc5+ 44. Kd1 Rb3 45. Rf7+ Nxf7 46.
Rxb7+ Kd6 47. Bf5 Rcb5 0-1

[Event "Australasian Masters GM"]
[Site "Melbourne"]
[Date "2014.12.20"]
[Round "8.3"]
[White "Ikeda, Junta"]
[Black "Smirnov, Anton"]
[Result "1/2-1/2"]
[WhiteElo "2418"]
[BlackElo "2420"]
[PlyCount "56"]
[EventDate "2014.12.??"]
[EventType "tourn"]
[EventRounds "9"]
[EventCountry "AUS"]
[SourceDate "2014.12.14"]

1. b3 e5 2. Bb2 Nc6 3. e3 d5 4. Bb5 f6 5. d4 e4 6. c4 a6 7. Bxc6+ bxc6 8. Qc2
Qd7 9. Ba3 Bxa3 10. Nxa3 Ne7 11. Ne2 Qd6 12. Nb1 O-O 13. Nd2 Bg4 14. Ng3 f5 15.
O-O f4 16. exf4 Qxf4 17. Qc3 Nf5 18. Nxf5 Rxf5 19. f3 exf3 20. Nxf3 Raf8 21.
cxd5 cxd5 22. Nd2 Qg5 23. Rxf5 Bxf5 24. Rf1 h6 25. Nf3 Qe7 26. Ne5 Be4 27.
Rxf8+ Qxf8 28. Qd2 Qe8 1/2-1/2

[Event "Australasian Masters GM"]
[Site "Melbourne"]
[Date "2014.12.20"]
[Round "8.4"]
[White "Papin, Vasily"]
[Black "Khusnutdinov, Rustam"]
[Result "1/2-1/2"]
[WhiteElo "2502"]
[BlackElo "2472"]
[PlyCount "66"]
[EventDate "2014.12.??"]
[EventType "tourn"]
[EventRounds "9"]
[EventCountry "AUS"]
[SourceDate "2014.12.14"]

1. c4 e5 2. Nc3 Bb4 3. Nd5 Bc5 4. Nf3 e4 5. d4 Bf8 6. Ng5 c6 7. Nc3 d5 8. g3 h6
9. Nh3 Nf6 10. cxd5 cxd5 11. Bg2 Nc6 12. O-O Be7 13. Be3 Bf5 14. f3 Qd7 15. Nf2
exf3 16. exf3 O-O 17. Nd3 Bd6 18. Bf2 Rfe8 19. Rc1 Re7 20. f4 Bxd3 21. Qxd3 Bb4
22. Na4 Ne4 23. Nc5 Bxc5 24. dxc5 Nxf2 25. Rxf2 d4 26. Rd1 Rd8 27. Rfd2 Qe8 28.
Qf1 Re3 29. Qc4 Re1+ 30. Bf1 Qe3+ 31. Kg2 Qe4+ 32. Kg1 Qe3+ 33. Kg2 Qe4+
1/2-1/2

[Event "Australasian Masters GM"]
[Site "Melbourne"]
[Date "2014.12.20"]
[Round "8.5"]
[White "Li, Luke"]
[Black "Ly, Moulthun"]
[Result "0-1"]
[WhiteElo "2342"]
[BlackElo "2463"]
[PlyCount "152"]
[EventDate "2014.12.??"]
[EventType "tourn"]
[EventRounds "9"]
[EventCountry "AUS"]
[SourceDate "2014.12.14"]

1. Nf3 d5 2. c4 c6 3. d4 Nf6 4. Qc2 dxc4 5. Qxc4 Bf5 6. g3 e6 7. Bg2 Be7 8. O-O
O-O 9. Rd1 Nbd7 10. e3 Rc8 11. Qe2 c5 12. Nc3 Ne4 13. Ne1 Ndf6 14. Nxe4 Bxe4
15. dxc5 Qc7 16. b4 Bxg2 17. Nxg2 b6 18. Bb2 bxc5 19. Rac1 Qb7 20. bxc5 Ne4 21.
Rb1 Qc6 22. Nf4 Ng5 23. Ng2 Bxc5 24. Qg4 h6 25. h4 f5 26. Qc4 Nf3+ 27. Kh1 Bb6
28. Qxc6 Rxc6 29. Nf4 e5 30. Nd3 e4 31. Kg2 Re8 32. Nb4 Rg6 33. Kf1 Ba5 34. a3
Bxb4 35. axb4 Rc8 36. Rbc1 Rgc6 37. Rxc6 Rxc6 38. Rc1 Rd6 39. Bc3 g5 40. hxg5
hxg5 41. Ke2 Kf7 42. Ra1 a6 43. Bd4 Nxd4+ 44. exd4 Rxd4 45. Rxa6 Rxb4 46. Ke3
Rb3+ 47. Ke2 Rb8 48. Ke3 Re8 49. f3 exf3+ 50. Kxf3 Re6 51. Ra3 Kg6 52. Rb3 Ra6
53. Rb2 Ra3+ 54. Kf2 Ra4 55. Kf3 Rc4 56. Ra2 Rc1 57. Ra3 Kh5 58. Rb3 Rc2 59.
g4+ Kh4 60. gxf5 g4+ 61. Ke4 Re2+ 62. Kf4 Rf2+ 63. Ke4 Kg5 64. Rb8 Rf4+ 65. Ke3
Rxf5 66. Rh8 g3 67. Ke4 Rf7 68. Ke3 Kg4 69. Ke2 Rf6 70. Rh7 Rf8 71. Rh6 g2 72.
Rh7 Kg3 73. Rg7+ Kh2 74. Rh7+ Kg1 75. Rg7 Re8+ 76. Kf3 Kf1 0-1

[Event "Australasian Masters GM"]
[Site "Melbourne"]
[Date "2014.12.21"]
[Round "9.1"]
[White "Ly, Moulthun"]
[Black "Kazhgaleyev, Murtas"]
[Result "1/2-1/2"]
[WhiteElo "2463"]
[BlackElo "2576"]
[PlyCount "44"]
[EventDate "2014.12.??"]
[EventType "tourn"]
[EventRounds "9"]
[EventCountry "AUS"]
[SourceDate "2014.12.14"]

1. d4 Nf6 2. c4 e6 3. Nf3 b6 4. g3 Bb4+ 5. Bd2 Be7 6. Nc3 Bb7 7. Bg2 c6 8. e4
d5 9. exd5 cxd5 10. Ne5 O-O 11. O-O Nc6 12. Bg5 Na5 13. Bxf6 Bxf6 14. cxd5 exd5
15. Ng4 Rc8 16. Nxf6+ Qxf6 17. Bxd5 Rxc3 18. Bxb7 Rc4 19. Bg2 Rxd4 20. Qe2 Rfd8
21. Rad1 g6 22. b3 Nc6 1/2-1/2

[Event "Australasian Masters GM"]
[Site "Melbourne"]
[Date "2014.12.21"]
[Round "9.2"]
[White "Khusnutdinov, Rustam"]
[Black "Li, Luke"]
[Result "1-0"]
[WhiteElo "2472"]
[BlackElo "2342"]
[PlyCount "81"]
[EventDate "2014.12.??"]
[EventType "tourn"]
[EventRounds "9"]
[EventCountry "AUS"]
[SourceDate "2014.12.14"]

1. e4 e5 2. Nc3 Nf6 3. g3 Nc6 4. Bg2 Bc5 5. d3 a6 6. Nge2 d6 7. h3 Nd4 8. O-O
h5 9. Nxd4 Bxd4 10. Bg5 c6 11. a4 Be6 12. Ne2 Ba7 13. d4 Bc4 14. d5 cxd5 15.
exd5 Qa5 16. b3 Bxe2 17. Qxe2 Qc3 18. Kh1 O-O-O 19. Bd2 Qc7 20. a5 Kb8 21. c4
Nd7 22. b4 Rc8 23. Rfc1 f5 24. h4 g6 25. Rab1 Bd4 26. c5 dxc5 27. b5 Qd6 28.
bxa6 Rc7 29. axb7 Rxb7 30. a6 Rxb1 31. Rxb1+ Ka8 32. Rb7 Rb8 33. Qb5 Nb6 34.
Qc6 Qxc6 35. dxc6 Rxb7 36. axb7+ Kb8 37. Ba5 c4 38. Bb4 Nc8 39. bxc8=Q+ Kxc8
40. Bd5 c3 41. Ba5 1-0

[Event "Australasian Masters GM"]
[Site "Melbourne"]
[Date "2014.12.21"]
[Round "9.3"]
[White "Smirnov, Anton"]
[Black "Papin, Vasily"]
[Result "0-1"]
[WhiteElo "2420"]
[BlackElo "2502"]
[PlyCount "86"]
[EventDate "2014.12.??"]
[EventType "tourn"]
[EventRounds "9"]
[EventCountry "AUS"]
[SourceDate "2014.12.14"]

1. e4 c5 2. Nf3 e6 3. d4 cxd4 4. Nxd4 a6 5. c4 Nf6 6. Nc3 Qc7 7. Be2 b6 8. Qd3
d6 9. f4 Nbd7 10. O-O Bb7 11. b4 Be7 12. Be3 O-O 13. Rac1 Rfc8 14. a3 Qd8 15.
Nb3 Rab8 16. Nd2 h6 17. Bd4 Ne8 18. Bg4 Bf6 19. Be3 Ba8 20. Rfd1 Qc7 21. Ne2
Rd8 22. Bf3 Rbc8 23. Qb1 Qb8 24. Nb3 Be7 25. Ned4 Nef6 26. a4 Re8 27. b5 axb5
28. axb5 e5 29. Nf5 Bf8 30. Ng3 d5 31. fxe5 Nxe5 32. cxd5 Nxf3+ 33. gxf3 Nxd5
34. Bd4 Nf4 35. Rxc8 Rxc8 36. Qb2 Qd6 37. Nf5 Qg6+ 38. Kh1 Qh5 39. Nd2 Bxe4 40.
Nxh6+ gxh6 41. Rg1+ Bg6 42. Be3 Bg7 43. Qb4 Nd5 0-1

[Event "Australasian Masters GM"]
[Site "Melbourne"]
[Date "2014.12.21"]
[Round "9.4"]
[White "Cheng, Bobby"]
[Black "Ikeda, Junta"]
[Result "0-1"]
[WhiteElo "2435"]
[BlackElo "2418"]
[PlyCount "74"]
[EventDate "2014.12.??"]
[EventType "tourn"]
[EventRounds "9"]
[EventCountry "AUS"]
[SourceDate "2014.12.14"]

1. d4 Nf6 2. c4 e6 3. g3 d5 4. Bg2 dxc4 5. Nf3 Bb4+ 6. Bd2 Be7 7. Qc2 a6 8.
Qxc4 b5 9. Qc2 Bb7 10. O-O O-O 11. Rc1 Bd6 12. a4 Nbd7 13. Ba5 Qe7 14. Nc3 b4
15. Nd1 c5 16. Ne3 Rac8 17. Qd2 Ne4 18. Qd1 cxd4 19. Qxd4 Bc5 20. Qd3 f5 21.
Qb3 Kh8 22. Rxc5 Nexc5 23. Qxb4 Bxf3 24. Bxf3 Rb8 25. Qa3 Rb3 26. Qa2 Ne5 27.
Bg2 f4 28. Nf1 f3 29. exf3 Nxf3+ 30. Bxf3 Rbxf3 31. Qc4 Nd3 32. Nd2 Qa7 33. Ne4
Rxf2 34. Kh1 Qe3 35. Nxf2 Qf3+ 36. Kg1 Nxf2 37. Qxe6 Qh1# 0-1

[Event "Australasian Masters GM"]
[Site "Melbourne"]
[Date "2014.12.21"]
[Round "9.5"]
[White "Zelesco, Karl"]
[Black "Illingworth, Max"]
[Result "1/2-1/2"]
[WhiteElo "2256"]
[BlackElo "2493"]
[PlyCount "174"]
[EventDate "2014.12.??"]
[EventType "tourn"]
[EventRounds "9"]
[EventCountry "AUS"]
[SourceDate "2014.12.14"]

1. d4 d5 2. Nc3 Bf5 3. Bf4 e6 4. e3 g5 5. Be5 f6 6. Bg3 h5 7. h4 g4 8. Nge2 c6
9. Nf4 e5 10. Nd3 exd4 11. exd4 Qb6 12. Bf4 Ne7 13. Qd2 Nd7 14. O-O-O Ng6 15.
Re1+ Kf7 16. Be3 Re8 17. g3 Qa5 18. Bg2 b5 19. Kb1 Nb6 20. b3 b4 21. Nd1 Bd6
22. N1b2 Be4 23. Bxe4 Rxe4 24. Nf4 Ne7 25. f3 gxf3 26. Qf2 Bxf4 27. gxf4 Nbc8
28. Nd3 Nd6 29. Bd2 Rxe1+ 30. Qxe1 Nef5 31. Bxb4 Qc7 32. Bxd6 Qxd6 33. Qf2 Rg8
34. Qxf3 Rg4 35. Qf2 Qe7 36. Re1 Qd7 37. Nc5 Qd6 38. Qe2 Ng7 39. Nd3 Rxh4 40.
Qf2 Nf5 41. Rg1 Rg4 42. Rh1 Kg6 43. Qh2 h4 44. Qe2 Rg3 45. Qe8+ Kg7 46. Qh5 Qe6
47. Nc5 Qe3 48. Qxf5 Rg1+ 49. Rxg1+ Qxg1+ 50. Kb2 Qxd4+ 51. Kb1 Qxc5 52. Qg4+
Kf7 53. f5 Qc3 54. Qxh4 a5 55. Qh7+ Ke8 56. Qg8+ Kd7 57. Qe6+ Kc7 58. Qe7+ Kb6
59. a4 Qd4 60. Qd8+ Ka6 61. Qa8+ Kb6 62. Qb8+ Ka6 63. Qa8+ Kb6 64. Qb8+ Ka6 65.
Qc7 Qc3 66. Qc8+ Kb6 67. Qb8+ Kc5 68. Qf8+ Kb6 69. Qb8+ Kc5 70. Qf8+ Kb6 71.
Qe7 Qd4 72. Qd8+ Ka6 73. Qc7 Qc3 74. Qe7 Kb6 75. Qe2 Qd4 76. Qe7 Qd1+ 77. Kb2
Qd4+ 78. Ka2 Qf2 79. Qd8+ Kb7 80. Qd7+ Kb6 81. Qd8+ Kb7 82. Qxf6 Qxc2+ 83. Ka3
Qc5+ 84. Kb2 Qf2+ 85. Ka3 Qc5+ 86. Kb2 Qf2+ 87. Ka3 Qc5+ 1/2-1/2

[Event "Australasian Masters IM"]
[Site "Melbourne"]
[Date "2014.12.13"]
[Round "1.1"]
[White "Canfell, Greg"]
[Black "Izzat, Kanan"]
[Result "1/2-1/2"]
[WhiteElo "2349"]
[BlackElo "2402"]
[PlyCount "42"]
[EventDate "2014.12.??"]
[EventType "tourn"]
[EventRounds "9"]
[EventCountry "AUS"]
[SourceDate "2014.12.14"]

1. e4 c6 2. d4 d5 3. Nd2 dxe4 4. Nxe4 Bf5 5. Ng3 Bg6 6. h4 h6 7. Nf3 Nd7 8. h5
Bh7 9. Bd3 Bxd3 10. Qxd3 Ngf6 11. Bd2 e6 12. O-O-O Be7 13. Ne4 Nxe4 14. Qxe4
Nf6 15. Qe2 Qd5 16. Kb1 O-O 17. Be3 Rfd8 18. Ne5 c5 19. f3 cxd4 20. Bxd4 Qa5
21. g4 Bc5 1/2-1/2